Biomes de Minecraft sur une Carte - Statistiques

Statistiques générales
  • Ce quiz a été pris 16 032 fois
  • Le résultat moyen est 8 sur 10
Réponses sur la Carte
Les réponses sont colorées sur une échelle allant du rouge au vert en fonction du pourcentage des utilisateurs qui les ont devinées à leur premier essai. Vous pouvez retrouver ces pourcentages ci-dessous.
 
Statistiques - réponses
Biomes % Correct
Désert
98%
Forêt
89%
Océan
89%
Stalagmites de glace
88%
Terres désolées du Nether
88%
Plaines
85%
L'End
84%
Montagnes
83%
Badlands
59%
Forêt sombre
36%
Aucun quiz correspondant
Distribution des résultats
% des personnes avec chaque résultat
Percentile par nombre de réponses
Votre historique - résultats
Vous n’avez pas pris ce quiz